| 000 | 00711cab a2200253 4500 | ||
|---|---|---|---|
| 001 | ABS56921 | ||
| 008 | 090401t1997 xxu||||| |||| 00| 0 eng d | ||
| 035 | _a(Sirsi) u77928 | ||
| 041 | _aeng | ||
| 245 | _aAlternative land use | ||
| 260 | _c1997 | ||
| 350 | _a0 | ||
| 490 |
_aFarm Development Review _v11(4) February 1997, (8) (LOAN) |
||
| 520 | _aCovers rabbit farming, trends in wine growing, stewardship payment rates and ADAS changes. | ||
| 650 | _aADAS | ||
| 650 | _aALTERNATIVE LAND USE | ||
| 650 | _aFARM DIVERSIFICATION | ||
| 650 | _aRABBIT FARMING | ||
| 650 | _aSTEWARDSHIP PAYMENT SCHEMES | ||
| 650 | _aWINE GROWING | ||
| 690 | _aRURAL PRACTICE | ||
| 942 | _n0 | ||
| 948 | _c25/04/1997 | ||
| 999 |
_c49005 _d49005 |
||